| 000 | 01131nam a22003857a 4500 | ||
|---|---|---|---|
| 001 | 15302882 | ||
| 003 | OSt | ||
| 005 | 20210419093847.0 | ||
| 008 | 080522s2008 nyua 001 0 eng | ||
| 010 | _a 2008929543 | ||
| 015 |
_aGBA870616 _2bnb |
||
| 016 | 7 |
_a014626684 _2Uk |
|
| 020 | _a9780387772585 (hbk.) | ||
| 020 | _a0387772588 (hbk.) | ||
| 035 | _a(OCoLC)ocn227032765 | ||
| 040 |
_aUKM _cUKM _dBTCTA _dBAKER _dYDXCP _dBWX _dOCLCQ _dDLC |
||
| 041 | _aeng | ||
| 042 | _alccopycat | ||
| 050 | 0 | 0 |
_aQH505 _b.N45 2008 |
| 080 |
_a53 _bN-53 |
||
| 082 | 0 | 4 |
_a571.4 _222 |
| 100 | 1 |
_aNewman, Jay, _d1946- |
|
| 245 | 1 | 0 |
_aPhysics of the life sciences / _cJay Newman. |
| 260 |
_aNew York : _bSpringer, _cc2008. |
||
| 300 |
_axvii, 720 p. : _bill. (some col.) ; _c29 cm. |
||
| 365 | _b5.99 usd | ||
| 500 | _aIncludes index. | ||
| 650 | 0 | _aBiophysics. | |
| 650 | 0 |
_aPhysics _9261 |
|
| 653 | _aფიზიკა | ||
| 653 | _aბიოფიზიკა | ||
| 906 |
_a7 _bcbc _ccopycat _d2 _encip _f20 _gy-gencatlg |
||
| 942 |
_2udc _cBK |
||
| 999 |
_c366 _d366 |
||